| 000 | 00615nam a2200157Ia 4500 | ||
|---|---|---|---|
| 008 | 260210s9999 xx 000 0 und d | ||
| 024 | _a19B-050-CS, 19B-040-CS, 19B-089-CS, & 19B-064-CS | ||
| 082 | _a005.7072 MAS | ||
| 100 | _aHuzaifa Masood, Faris Shah, M. Sami Zuberi Malik, & M. Bassam Jamal | ||
| 110 | _aMs. Fatima Shakeel | ||
| 245 | 0 | _aAGRICULTURAL SYSTEM IOT BASED | |
| 260 |
_aKarachi: _bUITU, _c2019 |
||
| 600 | _aComputer Science | ||
| 650 | _aBachelor of Computer Science (BS) | ||
| 856 |
_uhttps://drive.google.com/file/d/1AqEU4ZLSVVRFF_mM1eVho3g1zsniEvXh/view?usp=sharing _yClick here for PDF |
||
| 999 |
_c32501 _d32501 |
||